| 000 | 02315cam a2200445 a 4500 | ||
|---|---|---|---|
| 001 | 14937475 | ||
| 005 | 20250328104151.0 | ||
| 008 | 070723s2008 ctu b 001 0 eng | ||
| 010 | _a 2007030213 | ||
| 015 |
_aGBA761619 _2bnb |
||
| 016 | 7 |
_a013810790 _2Uk |
|
| 016 | 7 |
_a101463284 _2DNLM |
|
| 020 | _a9780275999186 (alk. paper) | ||
| 020 | _a0275999181 (alk. paper) | ||
| 035 | _a(OCoLC)ocn163616556 | ||
| 035 | _a(OCoLC)163616556 | ||
| 040 |
_aDLC _cDLC _dUKM _dBAKER _dBTCTA _dYDXCP _dC#P _dWUL _dNLM _dDLC |
||
| 043 | _an-us--- | ||
| 050 | 0 | 0 |
_aKF3821 _b.S33 2008 |
| 060 | 0 | 0 | _a2008 A-286 |
| 060 | 1 | 0 |
_aWB 33 AA1 _bS298u 2008 |
| 082 | 0 | 0 |
_a344.73041 _222 _bSCH |
| 100 | 1 |
_aSchaller, Barry R., _d1938- _9128596 |
|
| 245 | 1 | 0 |
_aUnderstanding bioethics and the law : _bthe promises and perils of the brave new world of biotechnology / _cBarry R. Schaller ; foreword by Todd Brewster. |
| 260 |
_aWestport, Conn. : _bPraeger, _c2008. |
||
| 300 |
_axviii, 241 p. ; _c25 cm. |
||
| 504 | _aIncludes bibliographical references (p. [227]-229) and index. | ||
| 505 | 0 | _aThe context of bioethics, law, and society -- The legal landscape of human research litigation -- Better off dead? can judges be metaphysicians? -- Body parts : allocating organs -- Stem cells : promise and politics -- Boundaries at the end of life : the strange case of Terri Schiavo -- New frontiers. | |
| 650 | 0 |
_aMedical laws and legislation _zUnited States. _9128597 |
|
| 650 | 0 |
_aBioethics _zUnited States. _9128598 |
|
| 650 | 0 |
_aMedical jurisprudence _zUnited States. _9128599 |
|
| 650 | 1 | 2 |
_aBioethical Issues _xlegislation & jurisprudence _zUnited States. _9128600 |
| 650 | 2 | 2 |
_aEthics, Medical _zUnited States. _9128601 |
| 650 | 2 | 2 |
_aGenetic Engineering _xlegislation & jurisprudence _zUnited States. _9128602 |
| 650 | 2 | 2 |
_aJurisprudence _zUnited States. _9128603 |
| 856 | 4 | 1 |
_3Table of contents only _uhttp://www.loc.gov/catdir/toc/ecip0723/2007030213.html |
| 906 |
_a7 _bcbc _corignew _d1 _eecip _f20 _gy-gencatlg |
||
| 942 |
_2ddc _cBK |
||
| 999 |
_c613512 _d613512 |
||